000 00311nam a2200133Ia 4500
008 220216s9999 xx 000 0 und d
100 _aLatha Jishnu
245 0 _aWho is watching GM crops ?
260 _bDown to Earth
_c2011
300 _a32-37
650 _aGM crops
700 _aJyotika Sood
942 _cJS
999 _c72405
_d72405